| 000 | 00586cam a2200241 4500 | ||
|---|---|---|---|
| 001 | 3138142 | ||
| 005 | 20180215050448.0 | ||
| 008 | 730112s1972 enka bs 000 0 eng | ||
| 010 | _a 72197426 | ||
| 015 | _aB72-22124 | ||
| 020 | _a0333135369 | ||
| 040 |
_aDLC _cDLC _dDLC |
||
| 041 | _aeng | ||
| 080 | _a330.08 | ||
| 082 | 0 | 0 | _a330.08 HAR |
| 100 | 1 | _a52 | |
| 101 | _aEKO | ||
| 245 | 1 | 0 |
_aEconomic essays _c[by] Roy Harrod. |
| 350 | _a£3.95 | ||
| 504 | _aIncludes bibliographical references. | ||
| 906 |
_a7 _bcbc _corignew _d3 _encip _f19 _gy-gencatlg |
||
| 942 |
_2ddc _cBK |
||
| 999 |
_c42625 _d42625 |
||